000 00884nam a22003377a 4500
001 BR2012007819
003 BR-BrBNA
005 20230928104055.0
007 ta
008 230509b bl.||||| |||| 00| 0 por d
040 _aBR-BrBNA
_bpor
_cBiblioteca Nacional de Agricultura
041 _a(Por)
072 _aE40
090 _ E40 BR2012007819
100 1 _aZanella, T.R. (ed.)
110 1 _aOrganização das Cooperativas Brasileiras, Brasília, DF (Brasil)
245 1 _aAgenda legislativa do cooperativismo
260 3 _aBrasília, DF (Brasil):
_c2012.
300 _a157 p.
650 _aCOOPERATIVISMO
650 _aCOOPERATIVA
650 _aCRÉDITO
650 _aMEIO AMBIENTE
650 _aSAÚDE
650 _aMINERAL
650 _aTRANSPORTE
650 _aTURISMO
650 _aLEGISLAÇÃO
909 _a202309
_bLucia
_c55
_dLucia Elande
942 _cBK
999 _c77992
_d77992